000 02448nam a2200397 c 4500
003 BLK
005 20240312162326.0
008 180410b bul|||||r ||||||| ||bul||
010 _aKNG00170265000
020 _a954-8716-02-Х
_bиздат.: Арета
040 _aBLK
041 _aBUL
_cBUL
080 _aИндивидуална психология. Психология на личността. Индивидуалност. Психология на характера. Характерология. Психологическа типология
_b159.923
_x(035)
_z159.923(035)
080 _aСоциално поведение. Социална психология
_b316.6
_x(035)
_z316.6(035)
080 _aИндивидуална етика. Морално съзнание. Задължения на човека към самия себе си. Поведение на отделен човек
_b171
_x(035)
_z171(035)
100 _aКови, Стивън Ричърдс
_9269040
700 1 _aГеоргиева, Анна
_eпрев. от англ.
_9370361
139 _aКови, Стивън
_bК 72
245 1 0 _a[Седемте] 7-те навика на ефективните хора
_bИзследване
_cСтивън Ричърдс Кови; прев. от англ. Анна Георгиева.
257 _aUSA
260 София
_bАрета
_c1994
_fПерник : Полиграф
300 _a351 с.
_bс табл., сх.
_c22 см
380 _a1
500 _aОриг. загл. The seven habits of highly effective people : restoring the character ethic / Stephen R. Covey Съдържа и Вероятни възприятия, идващи от различните центрове ; Примерен работен ден, преживян според принципите на втори квадрат.
650 4 _aЛичност - психология - наръчници и ръководства
_9249973
650 4 _aОбщуване - психология
_9243162
650 4 _aПоведение - наръчници и ръководства
_9248908
653 _aпсихология на личността
653 _aефективност
852 _aЦб 181675
856 4 _qpdf
_u
856 4 _qpdf
_u
942 _cKNG
_n0
944 _aCR
_c27.01.2015
_k30560
_lГеновева Генчева
944 _aED
_c17.07.2015
_kВиолета_Тройчева
999 _c162882
_d162882